000 00388nam a22001457a 4500
003 OSt
008 240119b |||||||| |||| 00| 0 eng d
020 _a9781406366846
082 _a005.133
_bYOG
100 _aYOUNG REWARED STATE
245 _aGet Coding Learn HTML,CSS and JavaScript and Build a Website, app and Game
260 _aUK
_bWalker Books
300 _a207
942 _2ddc
_cREF
999 _c12172
_d12172